000
00236nam a2200097Ia 4500
001
837440
005
20250826172533.0
008
250824s9999 xx 000 0 und d
245
0
_a
EYVALLAH
_c
KAHRAMAN TEZEOĞLU
260
_b
DESTEK YAYINLARI
999
_c
837440
_d
837440